000 01157nas1a22002771i 4500
001 RU\NLR\INFOCOMM44\1000032053
005 20240726010516.0
035 _a(NLR Aleph) 002572056
090 _a3198471
_c3198471
100 _a20040601b19391940|||y0rusy50 ca
101 0 _arus
102 _aRU
110 _aayu||||0|y0
200 1 _aОбмен опытом
_eБюлл. Всесоюз. заоч. курсов связи Наркомата связи СССР
210 _aМ.
_d1939-1940
711 0 2 _aВсесоюзные заочные курсы связи
_4070
712 0 2 _aВсесоюзный комбинат заочного обучения работников связи
_4570
801 1 _aRU
_bInfoComm
_c20040601
801 0 _aRU
_bNLR
_gPSBO
852 _aNLR
_jП28/270
942 _cJOURNAL
980 _aRUSPER